| 000 | 00910 a2200181 4500 | ||
|---|---|---|---|
| 020 | _a000712113X | ||
| 040 |
_aDLC _bDLC |
||
| 082 | 0 | 0 | _a823/.9/12 |
| 100 | 1 | _aChristie, Agatha, | |
| 245 | 1 | 0 |
_aPoirot's early cases _cAgatha Christie. |
| 260 |
_aLondon : _bCollins [for] the Crime Club, _c1974. |
||
| 300 |
_a412p. ; _c22 cm. |
||
| 505 | 0 | _aThe affair at the victory ball.--The adventure of the Clapham cook.--The Cornish mystery.--The adventure of Johnnie Waverly.--The double clue.--The lost mine.--The Plymouth Express.--The chocolate box.--The submarine plans.--The third-floor flat.--Double sin.--The market basing mystery.--Wasps' nest.--The veiled lady.--Problem at sea.--How does your garden grow? | |
| 650 | 0 |
_aPoirot, Hercule (Fictitious character) _xFiction. |
|
| 650 | 0 |
_aPrivate investigators _zEngland _xFiction. |
|
| 650 | 0 | _aDetective and mystery stories, English. | |
| 942 |
_cBK _k823.912 CHR _2ddc |
||
| 999 |
_c4982 _d4982 |
||